000 00911nam a2200253Ia 4500
003 OSt
005 20220930091046.0
006 a|||||r|||| 00| 0
007 ta
008 220926b |||||||| |||| 00| 0 eng d
024 _a3430
037 _cTheses
040 _aCRL
_cCRL
_beng
041 _2eng
_aeng
100 _aAnant Shekhar
_9543557
110 _aUniversity of Delhi. Faculty of Medical Science. Department of Anaesthesiology
245 0 _aEfect of high thoracic epidural anaesthesia on the haemodynamic response to sternotomy in paediatric cardiac surgical patients
_b A comparison of bupivacane and ropivacaine
260 _c2012
650 _aMEDICINE
700 _a Sharma Vipul Krishen Gu.
_9543558
700 _aUniversity of Delhi. Faculty of Medical Science. Department of Anaesthesiology
942 _cDIS
_2CC
999 _c881571
_d881571